| 000 | 01145cam a22002771 4500 | ||
|---|---|---|---|
| 001 | hew66000109 | ||
| 003 | DLC | ||
| 005 | 20260227111515.0 | ||
| 008 | 721113s1966 dcu b f100 0 eng c | ||
| 010 | _ahew66000109 | ||
| 035 | _a(OCoLC)492635 | ||
| 040 |
_aU.S. Dept. of Health, Education, and Welfare. Library _cOClU _dOCoLC _dISS _dDLC |
||
| 050 | 0 | 0 |
_aHV1465 _b.T7 1965a |
| 082 | _a362.6/1/0973 | ||
| 086 | 0 | _aFS 14.202:OL 1/4 | |
| 111 | 2 |
_aTraining Institute for Public Welfare Specialists on Aging _d(1965 : _cCleveland) |
|
| 245 | 1 | 0 |
_aPlanning welfare services for older people; _bpapers presented. |
| 260 |
_aWashington, _bU.S. Dept. of Health, Education, and Welfare, Welfare Administration, Bureau of Family Services; for sale by the Superintendent of Documents, U.S. Govt. Print. Off. _c[1966] |
||
| 300 |
_avi, 198 p. _c16 cm. |
||
| 500 | _a"Organized and conducted by the Office of Aging." | ||
| 504 | _aIncludes bibliographies. | ||
| 650 | 0 |
_aOlder people _zUnited States. |
|
| 650 | 0 |
_aPublic welfare _zUnited States. |
|
| 710 | 1 |
_aUnited States. _bOffice of Aging. |
|
| 710 | 1 |
_aUnited States. _bBureau of Family Services. |
|
| 999 |
_c34634 _d34634 |
||